| 000 | 00544nam a22002057a 4500 | ||
|---|---|---|---|
| 003 | CEME | ||
| 005 | 20210628204149.0 | ||
| 008 | 210114b xxu||||| |||| 00| 0 eng d | ||
| 020 | _a9788126513727 | ||
| 040 | _c. | ||
| 082 | _a658.5 BUF | ||
| 100 |
_aBuffa, Elwood S _959214 |
||
| 245 | _aModern production - operations management | ||
| 250 | _a8TH | ||
| 260 |
_aINDIA _bWILEY _c2014 |
||
| 300 | _aIX, 834P | ||
| 650 |
_aOPERATIONS MANAGEMENT.MODERN PRODUCTION MANAGEMENT _969046 |
||
| 700 |
_aSARIN, RAKESH K _969047 |
||
| 942 |
_cBK _2ddc |
||
| 999 |
_c576464 _d576464 |
||